[Event "MNT Team Cup"]
[Site "Herceg Novi"]
[Date "2020.06.25"]
[Round "1.1"]
[White "Krivokapic, Marko"]
[Black "Tomic, Goran"]
[Result "1/2-1/2"]
[WhiteElo "2396"]
[BlackElo "2150"]
[PlyCount "40"]
[EventDate "2020.06.25"]
[EventType "team-swiss"]
[EventRounds "5"]
[EventCountry "MNE"]
[SourceTitle "EXT 2021"]
[Source "ChessBase"]
[SourceDate "2020.10.23"]
[SourceVersion "1"]
[SourceVersionDate "2020.10.23"]
[SourceQuality "1"]
[WhiteTeam "Elektroprivreda"]
[BlackTeam "Herceg Novi"]
[WhiteTeamCountry "MNE"]
[BlackTeamCountry "MNE"]

1. e4 d6 2. d4 Nf6 3. Nc3 g6 4. f4 Bg7 5. Nf3 0-0 6. Bd3 Na6 7. 0-0 c5 8. d5 Bg4 9. Be3 Nc7 10. h3 Bxf3 11. Qxf3 a6 12. a4 Rb8 13. a5 e6 14. dxe6 fxe6 15. Rad1 Qe7 16. Na4 Nd7 17. Qe2 d5 18. exd5 exd5 19. Bc1 Qf6 20. c3 Qc6 1/2-1/2

[Event "Djenovici TS02 IM 3rd"]
[Site "Djenovici"]
[Date "2019.02.20"]
[Round "6"]
[White "Tomic, Goran"]
[Black "Sahin, Ozgun"]
[Result "0-1"]
[WhiteElo "2179"]
[BlackElo "2216"]
[PlyCount "40"]
[EventDate "2019.02.16"]
[EventType "tourn"]
[EventRounds "9"]
[EventCountry "MNE"]
[SourceTitle "CBM 189 Extra"]
[Source "ChessBase"]
[SourceDate "2019.06.03"]
[SourceVersion "1"]
[SourceVersionDate "2019.06.03"]
[SourceQuality "1"]

1. d4 g6 2. c4 Bg7 3. Nc3 d6 4. e4 Nd7 5. Nf3 e5 6. dxe5 Nxe5 7. Nxe5 Bxe5 8. f4 Bg7 9. Be2 Ne7 10. Nd5 Nxd5 11. cxd5 f5 12. Bb5+ c6 13. Bd3 fxe4 14. Bxe4 Qb6 15. Qb3 Qd4 16. Qe3 0-0 17. dxc6 Re8 18. Qxd4 Bxd4 19. Kd2 Rxe4 20. Kd3 d5 0-1

[Event "MNT-chT"]
[Site "Niksic"]
[Date "2018.08.10"]
[Round "4.2"]
[White "Milovic, Jovan"]
[Black "Tomic, Goran"]
[Result "1-0"]
[WhiteElo "2289"]
[BlackElo "2232"]
[PlyCount "61"]
[EventDate "2018.08.07"]
[EventType "team-tourn"]
[EventRounds "9"]
[EventCountry "MNE"]
[SourceTitle "CBM 186 Extra"]
[Source "ChessBase"]
[SourceDate "2018.08.24"]
[SourceVersion "1"]
[SourceVersionDate "2018.08.24"]
[SourceQuality "1"]
[WhiteTeam "Elektroprivreda"]
[BlackTeam "Mimoza"]
[WhiteTeamCountry "MNE"]
[BlackTeamCountry "MNE"]

1. b3 Nf6 2. Bb2 d5 3. e3 g6 4. c4 dxc4 5. Bxc4 Bg7 6. f4 0-0 7. Nf3 c5 8. Ne5 e6 9. 0-0 Nbd7 10. Na3 Nxe5 11. Bxe5 a6 12. Be2 b5 13. Bf3 Ra7 14. Qc2 Rd7 15. Rad1 Qe7 16. Qb2 Bb7 17. Bxb7 Rxb7 18. Nc2 Rd8 19. e4 Rbd7 20. Ne3 h5 21. Qc2 Rd3 22. Qb2 R3d7 23. Rf3 Ne8 24. Bxg7 Nxg7 25. f5 exf5 26. exf5 Qe4 27. h3 Qd4 28. Qxd4 cxd4 29. Nf1 Rc7 30. fxg6 fxg6 31. Rf6 1-0

[Event "MNT-chT"]
[Site "Niksic"]
[Date "2018.08.07"]
[Round "1.3"]
[White "Tomic, Goran"]
[Black "Scekic, Veljko"]
[Result "1/2-1/2"]
[WhiteElo "2232"]
[BlackElo "2212"]
[PlyCount "30"]
[EventDate "2018.08.07"]
[EventType "team-tourn"]
[EventRounds "9"]
[EventCountry "MNE"]
[SourceTitle "CBM 186 Extra"]
[Source "ChessBase"]
[SourceDate "2018.08.24"]
[SourceVersion "1"]
[SourceVersionDate "2018.08.24"]
[SourceQuality "1"]
[WhiteTeam "Mimoza"]
[BlackTeam "Jedinstvo"]
[WhiteTeamCountry "MNE"]
[BlackTeamCountry "MNE"]

1. Nf3 Nf6 2. g3 b6 3. Bg2 Bb7 4. c4 e5 5. d3 Bb4+ 6. Nbd2 0-0 7. 0-0 Re8 8. a3 Bxd2 9. Bxd2 e4 10. dxe4 Bxe4 11. Bc3 d6 12. b4 Nbd7 13. Qb3 Qe7 14. Rad1 h6 15. Rfe1 a5 1/2-1/2

[Event "MNT-chT1"]
[Site "Podgorica"]
[Date "2008.09.21"]
[Round "3"]
[White "Bozovic, Nikola"]
[Black "Tomic, Goran"]
[Result "1-0"]
[WhiteElo "2235"]
[BlackElo "2279"]
[PlyCount "75"]
[EventDate "2008.09.07"]
[EventType "team-tourn"]
[EventRounds "9"]
[EventCountry "MNE"]
[SourceTitle "EXT 2010"]
[Source "ChessBase"]
[SourceDate "2010.11.25"]
[SourceVersion "1"]
[SourceVersionDate "2010.11.25"]
[SourceQuality "1"]

1. d4 Nf6 2. c4 g6 3. Nc3 Bg7 4. e4 d6 5. Nf3 0-0 6. Be2 e5 7. dxe5 dxe5 8. Qxd8 Rxd8 9. Bg5 Rf8 10. Nd5 Nxd5 11. cxd5 c6 12. Bc4 b5 13. Bb3 Bb7 14. Rc1 a5 15. a3 a4 16. Ba2 Rc8 17. Be3 h6 18. 0-0 Na6 19. dxc6 Bxc6 20. Nd2 Bf8 21. f4 exf4 22. Rxf4 Be8 23. Rcf1 Rc2 24. Rxf7 Bxf7 25. Rxf7 b4 26. Bd5 Rxd2 27. Bxd2 Bc5+ 28. Kf1 Rf8 29. Rxf8+ Kxf8 30. Bxh6+ Ke7 31. Bg5+ Kf8 32. Bc6 bxa3 33. bxa3 Bxa3 34. Bxa4 Nc5 35. Bc2 Ne6 36. Be3 Bd6 37. g3 Be5 38. Ke2 1-0

[Event "MNT CupT"]
[Site "Podgorica"]
[Date "2008.05.17"]
[Round "4"]
[White "Kosic, Dragan"]
[Black "Tomic, Goran"]
[Result "1-0"]
[WhiteElo "2500"]
[BlackElo "2277"]
[PlyCount "123"]
[EventDate "2008.03.16"]
[EventType "team-tourn"]
[EventRounds "5"]
[EventCountry "MNE"]
[SourceTitle "EXT 2009"]
[Source "ChessBase"]
[SourceDate "2008.11.26"]
[SourceVersion "1"]
[SourceVersionDate "2008.11.26"]
[SourceQuality "1"]

1. d4 Nf6 2. Nf3 g6 3. Bg5 Bg7 4. Nbd2 d5 5. e3 0-0 6. Be2 b6 7. 0-0 Bb7 8. a4 a5 9. c3 Nbd7 10. h3 Ne4 11. Nxe4 dxe4 12. Nd2 h6 13. Bh4 g5 14. Bg3 e5 15. Bb5 exd4 16. cxd4 f5 17. Qb3+ Kh8 18. Qe6 c6 19. Bxc6 Bxc6 20. Qxc6 Rc8 21. Qd5 f4 22. Bh2 Nf6 23. Qxd8 Rfxd8 24. Rac1 fxe3 25. fxe3 Nd5 26. Kf2 Bxd4 27. exd4 e3+ 28. Ke2 exd2 29. Be5+ Kg8 30. Kxd2 Rf8 31. Rxc8 Rxc8 32. Rc1 Rf8 33. Ke2 Nf4+ 34. Bxf4 Rxf4 35. Ke3 Rf6 36. Rc2 Re6+ 37. Kd3 Rf6 38. Ke4 Kf8 39. Ke5 Rf1 40. d5 Ke7 41. Rc7+ Kd8 42. Rc6 Rf2 43. Rxb6 Kc7 44. Rxh6 Re2+ 45. Kd4 Rxb2 46. g4 Rb4+ 47. Ke5 Rxa4 48. Rc6+ Kd7 49. Ra6 Ra3 50. Ra7+ Kc8 51. d6 Kd8 52. Ke6 Re3+ 53. Kf6 Rxh3 54. Rxa5 Kd7 55. Rd5 Rh8 56. Kxg5 Ke6 57. Rd1 Rg8+ 58. Kh6 Kf6 59. g5+ Kf7 60. Rf1+ Ke6 61. g6 Rh8+ 62. Kg7 1-0

[Event "MNT-chT"]
[Site "Herceg Novi"]
[Date "2007.09.07"]
[Round "5"]
[White "Raicevic, Momcilo"]
[Black "Tomic, Goran"]
[Result "1/2-1/2"]
[WhiteElo "2341"]
[BlackElo "2331"]
[PlyCount "93"]
[EventDate "2007.09.03"]
[EventType "team-tourn"]
[EventRounds "9"]
[EventCountry "MNE"]
[SourceTitle "CBM 120 Extra"]
[Source "ChessBase"]
[SourceDate "2007.11.01"]
[SourceVersion "1"]
[SourceVersionDate "2007.11.01"]
[SourceQuality "1"]

1. c4 Nf6 2. g3 g6 3. Bg2 Bg7 4. Nc3 0-0 5. e3 d6 6. Nge2 e5 7. 0-0 Nc6 8. d3 Be6 9. Nd5 Qd7 10. Nxf6+ Bxf6 11. Nc3 Bg7 12. Re1 Nd8 13. b3 c6 14. Ba3 f5 15. Qd2 c5 16. Rad1 Nc6 17. Ne2 Bf7 18. f4 b6 19. Nc3 Rae8 20. Nd5 Ne7 21. Nc3 Nc6 22. Bb2 Re7 23. Nd5 Bxd5 24. cxd5 Nd8 25. fxe5 Bxe5 26. d4 Bg7 27. dxc5 bxc5 28. Bxg7 Kxg7 29. b4 cxb4 30. Qxb4 Nf7 31. Rc1 Rfe8 32. Qd4+ Kg8 33. Rc6 Qb7 34. h4 Qb5 35. Qc3 Qa4 36. a3 Qg4 37. e4 fxe4 38. Rc4 Nh6 39. Kh2 Qf5 40. Rf1 Ng4+ 41. Kh1 Nf2+ 42. Kg1 e3 43. Rf4 Nh3+ 44. Bxh3 Qxh3 45. R4f3 e2 46. Re1 Qg4 47. Qf6 1/2-1/2